| 000 | 00711nas a22001937a 4500 | ||
|---|---|---|---|
| 007 | ta | ||
| 008 | 230815e20231508xxk|||||o|||| 00| 0 eng d | ||
| 041 | _aeng | ||
| 100 | _aStrong, Gary | ||
| 245 | _aCladding work fund launched for mid-sized blocks | ||
| 490 |
_aRICS Built Environment Journal _v15 August 2023 |
||
| 520 | _aOverview of the Cladding Safety Scheme to fund remediation of facades on medium-rise residential buildings | ||
| 650 | _aBuilding Control | ||
| 650 | _aCladding | ||
| 650 | _aFire safety | ||
| 651 | _aUnited Kingdom | ||
| 690 |
_96308 _aCladding |
||
| 856 |
_uhttps://ww3.rics.org/uk/en/journals/built-environment-journal/uk-government-cladding-safety-scheme.html _zAvailable online |
||
| 999 |
_c121645 _d121645 |
||